| 000 | 00495cam a2200157 4500500 | ||
|---|---|---|---|
| 005 | 20260322014209.0 | ||
| 041 | _afre | ||
| 042 | _adc | ||
| 100 | 1 | 0 |
_aJoindot, Michel _eauthor |
| 700 | 1 | 0 |
_aJoindot, Irène _eauthor |
| 245 | 0 | 0 | _aFiber optic transmission systems |
| 260 | _c2026. | ||
| 500 | _a37 | ||
| 786 | 0 | _nOptics and photonics | - | 2026-03-05 | p. 13-13 | |
| 856 | 4 | 1 | _uhttps://stm.cairn.info/optical-telecommunications--bdti42454210-te7115-page-13?lang=en&redirect-ssocas=7080 |
| 999 |
_c1787147 _d1787147 |
||